| 000 | 00871cam a2200289 a 4500 | ||
|---|---|---|---|
| 999 |
_c8674 _d8674 |
||
| 001 | 8674 | ||
| 003 | BD-JhCC | ||
| 005 | 20180301110441.0 | ||
| 008 | 851001s1986 ohua b 001 0 eng | ||
| 020 | _a0675203244 | ||
| 035 | _a(BD-JhCC)8674 | ||
| 040 |
_aDLC _cDLC _dDLC _dBD-JhCC |
||
| 041 | _aeng | ||
| 050 | 0 | 0 |
_aHV10.5 _b.M33 1986 |
| 082 | 0 | 0 |
_a361.3/2 _220 _bMAC 1986 |
| 100 | 1 | _aMacht, Mary Wirtz. | |
| 245 | 1 | 0 |
_aSocial work : _ban introduction / _cMary Wirtz Macht, Jean K. Quam ; Fredrick W. Seidl, consulting editor. |
| 260 |
_aColumbus : _bC.E. Merrill, _cc1986. |
||
| 300 |
_axvii, 409 p. : _bill. ; _c24 cm. |
||
| 504 | _aIncludes bibliographies and index. | ||
| 650 | 0 | _aSocial service. | |
| 650 | 0 |
_aSocial service _zUnited States. |
|
| 700 | 1 |
_aQuam, Jean K. _q(Jean Kathleen) |
|
| 700 | 1 | _aSeidl, Fredrick W. | |
| 942 |
_2ddc _cBK |
||